Name the College Football Team: Big 12 - Statistics

General Stats
  • This quiz has been taken 49 times
    29 since last reset
  • The average score is 15 of 16
Answer Stats
Picture Answer % Correct
BYU
100%
Kansas
100%
Texas Tech
100%
Arizona
96%
Arizona State
96%
Colorado
96%
Houston
96%
Oklahoma State
96%
Baylor
93%
Cincinnati
93%
Iowa State
93%
Kansas State
93%
Utah
93%
West Virginia
93%
TCU
89%
UCF
85%
No matching quizzes found
Score Distribution
Percent of People with Each Score
Percentile by Number Answered
Your Score History
You have not taken this quiz since the last reset